Boxing Ring Magazine Winners - Statistics

General Stats
  • This quiz has been taken 224 times
  • The average score is 44 of 102
Answer Stats
Hint Answer % Correct
1963 | 1966 | 1974 | +2 others Muhammad Ali
91%
1972 Muhammad Ali / Carlos Monzon
91%
1986 | 1988 Mike Tyson
89%
2018 | 2024 Oleksandr Usyk
84%
2020 Tyson Fury / Teofimo Lopez
84%
1939 Joe Louis
81%
2007 Floyd Mayweather
81%
1998 Floyd Mayweather Jr
81%
1936 | 1938 | 1941 Joe Louis
81%
2015 Tyson Fury
80%
1973 | 1976 George Foreman
79%
2006 | 2008 | 2009 Manny Pacquiao
79%
1967 | 1970 | 1971 Joe Frazier
77%
1987 | 1996 | 1997 Evander Holyfield
73%
1979 Sugar Ray Leonard
73%
1981 Sugar Ray Leonard / Salvator Sanchez
73%
2019 | 2021 Canelo Álvarez
69%
1995 Oscar De La Hoya
67%
1952 | 1954 | 1955 Rocky Marciano
67%
1994 Roy Jones Jr.
67%
1942 | 1951 Sugar Ray Robinson
67%
2023 Naoya Inoue
62%
1980 | 1984 Thomas Hearns
60%
1982 Larry Holmes
56%
1923 Jack Dempsey
55%
2022 Dmitry Bivol
49%
2017 Vasiliy Lomachenko
48%
1956 | 1960 Floyd Patterson
47%
1990 Julio César Chávez
46%
2011 Andre Ward
45%
2012 Juan Manuel Márquez
44%
1992 Riddick Bowe
42%
1926 | 1928 Gene Tunney
33%
1949 Ezzard Charles
29%
1950 Ezzard Charles
29%
1937 Henry Armstrong
29%
1930 Max Schmeling
29%
2010 Sergio Martínez
26%
2013 Adonis Stevenson
25%
2014 Sergey Kovalev
24%
1959 Ingemar Johansson
23%
1958 Ingemar Johansson
23%
2001 Bernard Hopkins
17%
1983 Marvin Hagler
17%
1985 Marvin Hagler / Donald Curry
17%
2016 Carl Frampton
15%
2000 Félix Trinidad
13%
1932 Jack Sharkey
13%
1991 | 2003 James Toney
13%
1989 Pernell Whitaker
13%
1945 Willie Pep
13%
1922 | 1924 Harry Greb
12%
2005 Ricky Hatton
12%
1977 Carlos Zarate
11%
1964 Emile Griffith
11%
1962 | 1965 Dick Tiger
10%
1969 José Nápoles
10%
1961 Joe Brown
10%
1993 Michael Carbajal
10%
1927 Mickey Walker
10%
1999 Paulie Ayala
9%
1946 Tony Zale
9%
2004 Glen Johnson
8%
2002 Vernon Forrest
8%
1968 Nino Benvenuti
6%
1929 | 1931 Tommy Loughran
5%
1935 Barney Ross
4%
1944 Beau Jack
4%
1940 Billy Conn
4%
1934 Tony Canzoneri / Barney Ross
4%
1948 Ike Williams
3%
1953 Bobo Olson
2%
1957 Carmen Basilio
2%
1943 Fred Apostoli
1%
1947 Gus Lesnevich
1%
1925 Paul Berlenbach
1%
No matching quizzes found
Score Distribution
Percent of People with Each Score
Percentile by Number Answered
Your Score History
You have not taken this quiz